<?xml version="1.0" encoding="UTF-8"?>
<record
    xmlns:xsi="http://www.w3.org/2001/XMLSchema-instance"
    xsi:schemaLocation="http://www.loc.gov/MARC21/slim http://www.loc.gov/standards/marcxml/schema/MARC21slim.xsd"
    xmlns="http://www.loc.gov/MARC21/slim">

  <leader>01113nam a2200265   4500</leader>
  <controlfield tag="003">KOHA_M&#x130;RAKIL</controlfield>
  <controlfield tag="005">20260420124443.0</controlfield>
  <controlfield tag="008">260420b        tu ||||| |||| 00| 0 tur d</controlfield>
  <datafield tag="020" ind1=" " ind2=" ">
    <subfield code="a">9789752311459</subfield>
  </datafield>
  <datafield tag="040" ind1=" " ind2=" ">
    <subfield code="a">TR-AnABB</subfield>
    <subfield code="b">tur</subfield>
    <subfield code="c">TR-AnABB</subfield>
  </datafield>
  <datafield tag="041" ind1=" " ind2=" ">
    <subfield code="a">tur</subfield>
  </datafield>
  <datafield tag="082" ind1=" " ind2=" ">
    <subfield code="a">720.8</subfield>
    <subfield code="b">KUB 2015 C.1.</subfield>
  </datafield>
  <datafield tag="100" ind1="1" ind2=" ">
    <subfield code="a">Kuban, Do&#x11F;an,</subfield>
    <subfield code="d">1926-2021</subfield>
  </datafield>
  <datafield tag="245" ind1="1" ind2="0">
    <subfield code="a">Do&#x11F;an Kuban yaz&#x131;lar&#x131; antolojisi 1. cilt : </subfield>
    <subfield code="b">sanat, mimarl&#x131;k, toplum k&#xFC;lt&#xFC;r&#xFC; &#xFC;zerine makaleler /</subfield>
    <subfield code="c">Do&#x11F;an Kuban ; edit&#xF6;r: Yaman Kayabal&#x131;</subfield>
  </datafield>
  <datafield tag="246" ind1=" " ind2=" ">
    <subfield code="a">Sanat, mimarl&#x131;k, toplum k&#xFC;lt&#xFC;r&#xFC; &#xFC;zerine makaleler</subfield>
  </datafield>
  <datafield tag="260" ind1=" " ind2=" ">
    <subfield code="a">&#x130;stanbul : </subfield>
    <subfield code="b">Boyut Yay&#x131;nevi, </subfield>
    <subfield code="c">2015</subfield>
  </datafield>
  <datafield tag="300" ind1=" " ind2=" ">
    <subfield code="a">408 sayfa ; </subfield>
    <subfield code="c">20 cm</subfield>
  </datafield>
  <datafield tag="500" ind1=" " ind2=" ">
    <subfield code="a">1. cilt</subfield>
  </datafield>
  <datafield tag="505" ind1=" " ind2=" ">
    <subfield code="a">&#x130;&#xE7;indekiler: T&#xFC;rk Sanat&#x131; &#xFC;zerine - T&#xFC;rk kenti &#xFC;zerine - &#xC7;a&#x11F;da&#x15F; Mimari - Mimarl&#x131;k e&#x11F;itimi - G&#xFC;ncel - Kuramsal Sanat &#xFC;zerine yaz&#x131;lar - Atat&#xFC;rk, Cumhuriyet ve devrim yaz&#x131;lar&#x131; - &#xC7;a&#x11F;da&#x15F; &#x130;slam mimarisi - Genel </subfield>
  </datafield>
  <datafield tag="650" ind1="0" ind2="4">
    <subfield code="a">Mimarl&#x131;k</subfield>
  </datafield>
  <datafield tag="650" ind1="0" ind2="4">
    <subfield code="a">Mimarl&#x131;k, yaz&#x131;lar</subfield>
  </datafield>
  <datafield tag="700" ind1="1" ind2=" ">
    <subfield code="a">Kayabal&#x131;, Yaman,</subfield>
    <subfield code="e">edit&#xF6;r</subfield>
    <subfield code="9">3525</subfield>
  </datafield>
  <datafield tag="900" ind1=" " ind2=" ">
    <subfield code="b">Can &#xC7;ELIK</subfield>
  </datafield>
  <datafield tag="942" ind1=" " ind2=" ">
    <subfield code="2">ddc</subfield>
    <subfield code="c">BK</subfield>
  </datafield>
  <datafield tag="952" ind1=" " ind2=" ">
    <subfield code="0">0</subfield>
    <subfield code="1">0</subfield>
    <subfield code="2">ddc</subfield>
    <subfield code="7">0</subfield>
    <subfield code="a">RUK</subfield>
    <subfield code="b">RUK</subfield>
    <subfield code="d">2026-04-20</subfield>
    <subfield code="l">0</subfield>
    <subfield code="o">720.8 KUB 2015 c.1</subfield>
    <subfield code="p">RK7190</subfield>
    <subfield code="r">2026-04-20 10:52:50</subfield>
    <subfield code="w">2026-04-20</subfield>
    <subfield code="y">BK</subfield>
  </datafield>
  <datafield tag="999" ind1=" " ind2=" ">
    <subfield code="c">10299</subfield>
    <subfield code="d">10299</subfield>
  </datafield>
</record>
